00621nam a22001937a 450000500170000001000150001702000260003203500140005803700130007208200110008510000170009624500610011325000120017426000290018627000650021530000330028050000470031350000670036020181110153908.0 aENG-124472 a9789352869053c749.00 aEN-108004 bDBAD/PUB a005.72 aMaivald, Jim aDW adobe dreamweaver CC:b2018 release /cby Jim Maivald a2nd ed. aNew DelhibPearsonc2018 a14 Local Shopping Centre, Panchsheel ParkbNew Delhie110017 axi,420p.c27cm. (pbk)bill.  aIt includes appendix: TINY URLS and Index aClassroom in a book: the official training workbook from adobe